Tychonis Brahe Dani, die XXIV Octobris A.D. MDCI defuncti, operum primitias De nova stella (Record no. 621)

MARC details
000 -LEADER
fixed length control field 00566nam a2200169Ia 4500
003 - CONTROL NUMBER IDENTIFIER
control field IN-BaIIA
008 - FIXED-LENGTH DATA ELEMENTS--GENERAL INFORMATION
fixed length control field 211028s9999 xx 000 0 eng d
040 ## - CATALOGING SOURCE
Transcribing agency IIA Library
080 ## - UNIVERSAL DECIMAL CLASSIFICATION NUMBER
Universal Decimal Classification number 524.337
Item number REG
110 ## - MAIN ENTRY--CORPORATE NAME
Corporate name or jurisdiction name as entry element Regia Societas Scientiarum Danica
9 (RLIN) 1355
245 #0 - TITLE STATEMENT
Title Tychonis Brahe Dani, die XXIV Octobris A.D. MDCI defuncti, operum primitias De nova stella
Statement of responsibility, etc. Regia Societas Scientiarum Danica
260 ## - PUBLICATION, DISTRIBUTION, ETC.
Place of publication, distribution, etc. Hauniae
Name of publisher, distributor, etc. Regia Societas Scientiarum Danica
Date of publication, distribution, etc. 1901
300 ## - PHYSICAL DESCRIPTION
Extent [various pagings.]
650 ## - SUBJECT ADDED ENTRY--TOPICAL TERM
Topical term or geographic name entry element Novae
9 (RLIN) 1356
650 ## - SUBJECT ADDED ENTRY--TOPICAL TERM
Topical term or geographic name entry element Supernovae
9 (RLIN) 1357
942 ## - ADDED ENTRY ELEMENTS (KOHA)
Koha item type Books
Holdings
Withdrawn status Lost status Damaged status Not for loan Home library Current library Shelving location Date acquired Total Checkouts Full call number Barcode Date last seen Price effective from Koha item type
        IIA Library-Bangalore IIA Library-Kodaikanal General Stacks     524.337/ REG 642 05/11/2021   Books

Powered by Koha